Statistiken für Deutsche Musiker nach Buchstabe - O

Klicken Sie hier um das Quiz zu spielen!

Allgemein

  • Dieses Quiz wurde 59 mal gespielt
  • Das Durchschnittsergebnis liegt bei 5 aus 20

Antwortstatistiken

Aktive JahreSongsAntwort% Korrekt
2005-Die immer lacht | RegenbogenfarbenOtt, Kerstin
93%
1997-Flugzeuge im Bauch | So bist du (und wenn du gehst …)Oli P.
72%
2009-An guten Tagen | Alles brenntOerding, Johannes
59%
1989-Augen auf! | LabyrinthOomph!
54%
2012-Magisch | Purple HazeOlexesh
41%
2007-Ventilator | Schwung in die KisteOrsons, die
33%
2003-2008Schick mir 'nen Engel | Hass michOverground
26%
1999-2000Ö La Palöma Blanca | Once You Drink TequilaÖ La Palöma Boys
19%
1967-Ein Mädchen für immer | Immer wenn ich Josy seh’Orloff, Peter
13%
2008-Endless Summer | Cry CryOceana
11%
2003-Gäa | EldamarOonagh
11%
2003-2017Autobahn | An alle LadiesOhrbooten
9%
2008-Mein kleines Hollywood | James DeanOlson
9%
1992-She’s Got That Light | Can Somebody Tell Me Who I Am?Orange Blue
9%
2015-Real Life | ChvrchiesO'Bros
6%
2017-Vorwort | Bee GeesOG Keemo
6%
2012-Gute Menschen | Verschwende michOK Kid
6%
2011-Barrels Of Whiskey | Irish WayO’Reillys and the Paddyhats, the
0%
1977-1993, 2003-2008, 2016-Patrona Bavariae | Heimweh nach der HeimatOriginal Naabtal Duo
0%
2008-Ikarus | MenschOst+Front
0%

Verteilung der Resultate

Perzentil nach korrekt beantworteten Fragen

Anzahl Personen mit jedem Resultat

Ihre Resultats-Entwicklung

Sie haben dieses Quiz noch nicht gespielt